Serengeti shall not die /

Bibliographic Details
Main Author: Grzimek, Bernhard
Other Authors: Grzimek, Michael, 1934-1959
Format: Book
Language:English
German
Published: New York : Dutton, [1961]
Edition:[1st American ed.].
Subjects:

MARC

Tag First Indicator Second Indicator Subfields
LEADER 00000cam a2200000 4500
001 in00000040297
005 20151007072420.0
008 730130s1961 nyua 00010 eng u
010 |a  61006001  
035 |a (OCoLC)00547310 
035 |9 AAE7842AM 
040 |c WSU  |d TXA  |d UtOrBLW 
041 1 |a eng  |a ger 
049 |a TXAM  |c [331136] 
050 0 |a QH77.T3  |b G713 1961 
092 |a 591.96782  |b G895s, 1961 
100 1 |a Grzimek, Bernhard. 
245 1 0 |a Serengeti shall not die /  |c by Bernhard and Michael Grzimek. With an introd. by Alan Mooerhead. Translated from the German by E. L. and D. Rewald. 
250 |a [1st American ed.]. 
264 1 |a New York :  |b Dutton,  |c [1961] 
300 |a 344 pages :  |b illustrations ;  |c 24 cm. 
336 |a text  |b txt  |2 rdacontent 
337 |a unmediated  |b n  |2 rdamedia 
338 |a volume  |b nc  |2 rdacarrier 
651 2 0 |a Serengeti National Park (Tanzania) 
650 0 |a Zoology  |z Africa  |z Tanzania. 
700 1 |a Grzimek, Michael,  |d 1934-1959. 
999 |a MARS 
999 f f |s 2df894a9-f5b0-3c43-8dd1-7fd35b9e3565  |i a480870a-e62b-33c0-8999-6c2bb15eb57c  |t 0 
952 f f |p ric  |a Texas A&M University  |b Rellis Campus  |c Joint Library Facility  |d Remote Storage  |t 0  |e QH77.T3 G713 1961  |h Library of Congress classification  |i unmediated -- volume  |m A14801009680 
998 f f |a QH77.T3 G713 1961  |t 0  |l Remote Storage